The construction of houses : flat roofs [

Bibliographic Details
Main Author: Stephen, Brown
Other Authors: Duncan, Marshall
Format: Book
Published: Bristol : University of The West of England , 1999
Series:The construction of houses. Series II
Subjects:

MARC

LEADER 00000cam a2200000 7i4500
001 0000014166
005 20220223.0
040 |a INS 
090 0 0 |a VCD 200 
100 1 |a Stephen, Brown 
245 1 4 |a The construction of houses :   |b flat roofs [  |h video disc]   |c by Brown Stephen, Marshall Duncan 
260 |a Bristol :   |b University of The West of England ,   |c 1999 
300 |a 1 videodisc (27 min.) :   |b sd., col. ;   |c 4 3/4 in. 
440 |a The construction of houses. Series II 
500 |a Also available in vhs format : VHS 1010 
650 0 0 |a Roofing 
700 1 |a Duncan, Marshall 
999 |a 1010   |b VIDEO   |c Open Shelf   |e Default branch 
999 |a VCD0000200   |b VIDEO CD   |c Media Collection   |e Default branch